High Court (Commercial Court Division) HCT-00-CC-MA-0532 OF 2004 (Arising from HCT-00-CC-CS-0763-1994) Kampala International Trading Company Ltd Vs Kampala City Council (Record no. 4282)

MARC details
000 -LEADER
fixed length control field 00528nam a22001097a 4500
008 - FIXED-LENGTH DATA ELEMENTS--GENERAL INFORMATION
fixed length control field 110628t xxu||||| |||| 00| 0 eng d
010 ## - LIBRARY OF CONGRESS CONTROL NUMBER
LC control number HCMAF106
245 ## - TITLE STATEMENT
Title High Court (Commercial Court Division) HCT-00-CC-MA-0532 OF 2004 (Arising from HCT-00-CC-CS-0763-1994) Kampala International Trading Company Ltd Vs Kampala City Council
260 ## - PUBLICATION, DISTRIBUTION, ETC. (IMPRINT)
Date of publication, distribution, etc 2004
500 ## - GENERAL NOTE
General note BEFORE: THE HONOURABLE MR. JUSTICE FMS EGONDA-NTENDE
Holdings
Withdrawn status Lost status Source of classification or shelving scheme Damaged status Koha normalized classification for sorting Not for loan Location (home branch) Sublocation or collection (holding branch) Shelving location Date acquired Koha issues (times borrowed) Koha full call number Piece designation (barcode) Koha date last seen Price effective from Koha item type
    Dewey Decimal Classification   HCMAF__106   Law Development Centre Main Library Law Development Centre Main Library Law Reports 06/28/2011   HCMAF_106 HCT-00-CC-MA-0532/20 06/28/2011 06/28/2011 Un Reported Cases